Online
Catalog

Mi primaria gran enciclopedia visual educativa /: / (Record no. 16763)

MARC details
000 -CABECERA
campo de control de longitud fija 00961nam a2200181 u 4500
001 - NÚMERO DE CONTROL
campo de control 000017238
005 - FECHA Y HORA DE LA ÚLTIMA TRANSACCIÓN
campo de control 20200929165046.0
008 - DATOS DE LONGITUD FIJA--INFORMACIÓN GENERAL
campo de control de longitud fija 100322s2007 sp abc r 001 0 spa d
020 ## - NÚMERO INTERNACIONAL ESTÁNDAR DEL LIBRO
Número Internacional Estándar del Libro 8495630001
040 ## - FUENTE DE LA CATALOGACIÓN
Centro catalogador/agencia de origen DO-SdBNP
Lengua de catalogación spa
Centro/agencia transcriptor BNPHU
082 ## - NÚMERO DE LA CLASIFICACIÓN DECIMAL DEWEY
Número de clasificación 036
Número de documento/Ítem P952e
049 ## - FONDOS LOCALES (OCLC)
Fondos de biblioteca BNPD
245 03 - MENCIÓN DE TÍTULO
Título Mi primaria gran enciclopedia visual educativa /: /
Mención de responsabilidad, etc. Creación y realización Thema equipo editorial ; dirección Sacramento Nieto ; ilustración e infografía Miguel Ángel Castaños [et al].
260 ## - PUBLICACIÓN, DISTRIBUCIÓN, ETC.
Lugar de publicación, distribución, etc. Barcelona :
Nombre del editor, distribuidor, etc. Lexus,
Fecha de publicación, distribución, etc. 2007.
300 ## - DESCRIPCIÓN FÍSICA
Extensión 894 p. :
Otras características físicas il. map. retrs. ;
Dimensiones 27 cm.
505 2# - NOTA DE CONTENIDO CON FORMATO
Nota de contenido con formato Los seres vivos -- Las plantas -- Los animales -- Nuestro cuerpo -- Los deportes -- Educación cívica -- El planeta tierra -- Conservación de la naturaleza -- La historia del hombre -- Aprender el español -- Aritmética -- Iniciación al álgebra -- Geometría -- Computación -- Física -- Química -- Tierras y pueblos.
521 ## - NOTA DE PÚBLICO DESTINATARIO
Nota de público destinatario Para estudiantes de primaria
Holdings
Estado de retiro Estado de pérdida Restricciones de uso No para préstamo Código de colección Localización permanente Ubicación/localización actual Ubicación en estantería Fecha de adquisición Número de inventario Total de préstamos Signatura topográfica completa Código de barras Fecha visto por última vez Precio válido a partir de Tipo de ítem Koha
        Monografías: Libros y Folletos General General En catalogación 22.03.2010 LF1   036 P952e 17238-10 25.06.2020 25.06.2020 Préstamo en sala

Powered by Koha